Muqalat Suleman/ (Record no. 94122)
[ view plain ]
| 000 -LEADER | |
|---|---|
| fixed length control field | 00403nam a22001457a 4500 |
| 005 - DATE AND TIME OF LATEST TRANSACTION | |
| control field | 20170529130954.0 |
| 008 - FIXED-LENGTH DATA ELEMENTS--GENERAL INFORMATION | |
| fixed length control field | 170529b xxu||||| |||| 00| 0 eng d |
| 040 ## - CATALOGING SOURCE | |
| Transcribing agency | PK-LaUMT |
| 082 ## - DEWEY DECIMAL CLASSIFICATION NUMBER | |
| Classification number | ZIAC 297.04 |
| Item number | MOE-M |
| 100 ## - MAIN ENTRY--PERSONAL NAME | |
| Personal name | Moen ud Din Ahmed Nadvi |
| 245 ## - TITLE STATEMENT | |
| Title | Muqalat Suleman/ |
| Statement of responsibility, etc | Moen ud Din Ahmed Nadvi |
| 260 ## - PUBLICATION, DISTRIBUTION, ETC. (IMPRINT) | |
| Place of publication, distribution, etc | اعظم گڑھ: |
| Name of publisher, distributor, etc | درمطبع معارف، |
| Date of publication, distribution, etc | 1971 |
| 300 ## - PHYSICAL DESCRIPTION | |
| Extent | 419 ص |
| 942 ## - ADDED ENTRY ELEMENTS (KOHA) | |
| Koha item type | Books |
| Withdrawn status | Lost status | Damaged status | Home library | Current library | Date acquired | Full call number | Barcode | Date last seen | Price effective from | Koha item type |
|---|---|---|---|---|---|---|---|---|---|---|
| UMT Main Campus | UMT Main Campus | 2017-05-29 | ZIAC 297.04 MOE-M | 109659 | 2017-05-29 | 2017-05-29 | Books |
